Catálogo - Centro de Recursos para el Aprendizaje y la Investigación

Volver al Sitio - CRAI Biblioteca

Agenda temática bienestarmental y familiar / (Registro nro. 113998)

Detalles MARC
000 -CABECERA
campo de control de longitud fija 02015nam a22002657a 4500
001 - NÚMERO DE CONTROL
campo de control 113998
003 - IDENTIFICADOR DEL NÚMERO DE CONTROL
campo de control DR-UNIBE
005 - FECHA Y HORA DE LA ÚLTIMA TRANSACCIÓN
campo de control 20260316094321.0
008 - DATOS DE LONGITUD FIJA--INFORMACIÓN GENERAL
campo de control de longitud fija 250801b2020 dr ||||| |||| 00| 0 spa d
020 ## - NÚMERO INTERNACIONAL ESTÁNDAR DEL LIBRO
Número Internacional Estándar del Libro 9789945645705
040 ## - FUENTE DE LA CATALOGACIÓN
Centro catalogador/agencia de origen BIBLIOTECA UNIBE
Lengua de catalogación spa
Centro/agencia transcriptor BIBLIOTECA UNIBE
Normas de descripción rda
041 ## - CÓDIGO DE LENGUA
Código de lengua del texto/banda sonora o título independiente spa
082 ## - NÚMERO DE LA CLASIFICACIÓN DECIMAL DEWEY
Número de clasificación RD 361 V496a
100 ## - ENTRADA PRINCIPAL--NOMBRE DE PERSONA
Nombre de persona Vergés, Luis
Fechas asociadas al nombre 1962-
Término indicativo de función/relación autor
9 (RLIN) 155742
245 10 - MENCIÓN DE TÍTULO
Título Agenda temática bienestarmental y familiar /
Mención de responsabilidad, etc. Luis Vergés
260 ## - PUBLICACIÓN, DISTRIBUCIÓN, ETC.
Lugar de publicación, distribución, etc. Santo Domingo :
Nombre del editor, distribuidor, etc. Centro Psicológico Bienestar Familiar,
Fecha de publicación, distribución, etc. 2020
300 ## - DESCRIPCIÓN FÍSICA
Extensión Paginación varias
505 ## - NOTA DE CONTENIDO CON FORMATO
Nota de contenido con formato Introducción | <br/> Tema del primer mes. ¿Cómo puedo aportar en favor de la salud mental desde el hogar? |<br/> Tema del segundo mes. El buen trato en el hogar y su impacto en la salud mental |<br/>Tema del tercer mes. ¿Cómo saber si hay alguna situación de salud mental en el hogar? |<br/> Tema del cuarto mes. ¿Qué hacer y cómo tratar a un familiar identificado con alguna condición de salud mental? |<br/> Tema del quinto mes. ¿Cómo puedo saber si poseo bienestar mental? |<br/> Tema del sexto mes. ¿Cómo saber si hay violencia en el hogar y cómo enfrentarla de forma apropiada? |<br/> Tema del séptimo mes. La importancia del afecto en el hogar |<br/> Tema del octavo mes. Estilos educativos en el hogar: ventajas y desventajas |<br/> Tema del noveno mes. ¿Cómo podemos relacionarnos con nuestros hijos e hijas según sus etapas de desarrollo? |<br/> Tema del décimo mes. ¿Cómo apoyar a nuestros hijos para el logro de sus metas académicas? |<br/> Tema del décimo primer mes. ¿Cómo mejorar la comunicación en el hogar? |<br/> Tema del décimo segundo mes. ¿Cómo fortalecer la relación de pareja? |<br/> Viñetas educativas para nunca olvidar y aplicar 206 ¿Qué significado tienen estas frases para tu vida? |<br/>
650 #7 - PUNTO DE ACCESO ADICIONAL DE MATERIA--TÉRMINO DE MATERIA
Fuente del encabezamiento o término lemb
Término de materia o nombre geográfico como elemento de entrada Bienestar familiar
9 (RLIN) 54546
650 #7 - PUNTO DE ACCESO ADICIONAL DE MATERIA--TÉRMINO DE MATERIA
Fuente del encabezamiento o término lemb
Término de materia o nombre geográfico como elemento de entrada Familia
650 #7 - PUNTO DE ACCESO ADICIONAL DE MATERIA--TÉRMINO DE MATERIA
Fuente del encabezamiento o término lemb
Término de materia o nombre geográfico como elemento de entrada Psicología
653 00 - TÉRMINO DE INDIZACIÓN--NO CONTROLADO
Término no controlado Bienestar mental
653 00 - TÉRMINO DE INDIZACIÓN--NO CONTROLADO
Término no controlado Diarios y familia (Psicología)
942 ## - ELEMENTOS DE PUNTO DE ACCESO ADICIONAL (KOHA)
Fuente del sistema de clasificación o colocación Sistema de Clasificación Decimal Dewey
Tipo de ítem Koha Libro (general)
Existencias
Estado de retiro Estado de pérdida Fuente del sistema de clasificación o colocación Estado dañado No para préstamo Código de colección Localización permanente Ubicación en estantería Fecha de adquisición Total de préstamos Signatura topográfica completa Código de barras Fecha visto por última vez Número de copia Precio válido a partir de Tipo de ítem Koha
  Disponible Sistema de Clasificación Decimal Dewey     General - Libros dominicanos Biblioteca Central UNIBE Área de exhibición 01/08/2025   RD 361 V496a 250944 01/08/2025 Ej. 1 01/08/2025 Libro (general)